Hodnotenie udržateľnosti podnikovej produkcie bakalárska práca

Gespeichert in:
Bibliographische Detailangaben
1. Verfasser: Németh, Michal
Körperschaft: Podnikovohospodárska fakulta EU so sídlom v Košiciach. Katedra manažmentu
Weitere Verfasser: Sančiová, Gabriela, 1991-
Format: Buch
Sprache:Slowakisch
Veröffentlicht: Košice 2018
Tags: Tag hinzufügen
Keine Tags, Fügen Sie das erste Tag hinzu!

MARC

LEADER 00000nbm a2200000 4500
001 0247218
005 20181024123457.1
041 0 |a slo 
044 |a SK 
245 1 0 |a Hodnotenie udržateľnosti podnikovej produkcie  |b bakalárska práca  |c Michal Németh ; školiteľ: Gabriela Sančiová 
264 1 |a Košice  |c 2018 
300 |a 47 s. 
100 1 |a Németh, Michal 
700 1 |a Sančiová, Gabriela, 1991- 
710 2 |a Podnikovohospodárska fakulta EU so sídlom v Košiciach. Katedra manažmentu